=LDR 00000nam 2200000 4500 =001 INLIS000000000010810 =005 20240628041320 =035 ##$$a 0010-061300000010810 =008 240628################g##########0#ind## =041 ##$$a Ind =082 ##$$a 410.7 =090 ##$$a 410.7., Rum b =100 ##$$a Rumadi, A =245 1#$$a Buku pelajaran bahasa dan sastra Indonesia untuk SMA, /$c Rumadi, V. Sudiati =260 ##$$a Jakarta :$b Gramedia,$c 1987 =300 ##$$a vii, 245 hlm ; $c 21 cm =650 #4$$a Bahasa studi dan pengajaran =700 #$$a Sudiati, v =850 ##$$a NBPNMAT =084 ##$$a 410.7 RUM b =990 ##$$a 57.367/Pro-93 =990 ##$$a 57.377/Pro-93 =990 ##$$a 00051334 =990 ##$$a 57.377/Pro-93 =990 ##$$a 00031218 =990 ##$$a 00051334 =990 ##$$a 57.377/Pro-93 =990 ##$$a 57.371/Pro.93 =990 ##$$a 00051334 =990 ##$$a 57.377/Pro-93 =990 ##$$a 00031218